Partie w Sejmie i Senacie 2019-2023 - Statystyki

Ogólne statystyki
  • Ten quiz został rozwiązany 1 863 razy
  • Średni wynik to 9 z 17
Statystyki odpowiedzi
Partia polityczna Ilość posłów Ilość senatorów % Poprawnych
Prawo i Sprawiedliwość 195 37
100%
Platforma Obywatelska 104 35
99%
Polskie Stronnictwo Ludowe 24 2
92%
Konfederacja Wolność i Niepodległość 3 0
83%
Sojusz Lewicy Demokratycznej 24 0
77%
Lewica Razem 6 0
64%
Wiosna Roberta Biedronia 19 1
61%
Nowoczesna 8 0
57%
KORWiN 3 0
52%
Partia Zieloni 3 0
48%
Solidarna Polska 17 2
45%
Porozumienie 18 1
40%
Ruch Narodowy 5 0
39%
Polska Partia Socjalistyczna 0 1
21%
Inicjatywa Polska 4 0
20%
Unia Europejskich Demokratów 1 1
11%
Partia Republikańska 1 0
4%
Nie znaleziono quizów pasujących do podanych kryteriów
Rozkład punktacji
Procent ludzi z każdym wynikiem
Percentyl według liczby udzielonych odpowiedzi
Twoja historia wyników
Nie rozwiązałeś tego quizu